ダイナマイト野球クイズ 初級編 - Statistics

General Stats
  • This quiz has been taken 57 times
  • The average score is 16 of 36
Answer Stats
Hint Answer % Correct
ドックス 椎名
85%
クロウズ 三池
82%
シャークス 南方
67%
エレファンツ 韮崎
64%
ファルコンズ 柳沢
64%
エレファンツ 樋口
51%
モンキーズ クレメンテ
51%
シャークス 青柳
51%
リザーズ 森田
51%
クロウズ 小山田
51%
ファルコンズ 金杉
49%
ラビッツ グッドマン
49%
シャークス 古川
46%
リザーズ 脇坂
46%
クロウズ 川又
46%
モンキーズ
44%
シャークス 生駒
44%
タートルズ 村下
44%
タートルズ 松尾
44%
タートルズ 原田
44%
モンキーズ 辺見
41%
タートルズ 横田
41%
クロウズ 徳重
41%
ファルコンズ 沢田
38%
ドックス 有働
38%
クロウズ 秋谷
38%
ラビッツ 鳥羽
38%
ファルコンズ 鈴木
36%
アリゲーターズ 成沢
36%
ラビッツ 飯村
36%
ドックス 綱島
33%
シャークス 大塚
33%
モンキーズ シュミット
31%
ドックス 皆川
31%
タートルズ 石井
28%
アリゲーターズ 下井戸
28%
No matching quizzes found
Score Distribution
Percent of People with Each Score
Percentile by Number Answered
Your Score History
You have not taken this quiz